000 002770000a22000970004500
100 1 _aWesthead, Nigel
245 1 0 _aAdoption in the thought of John Calvin
300 _aVol. 13, Num. 2 (1995), Páginas 102-115
773 0 _tScottish Bulletin of Evangelical Theology
942 _cANA
999 _c55719
_d55719